[Event "MI Brandwein TNM: 2000+"]
[Site "San Francisco"]
[Date "2019.08.27"]
[Round "4.1"]
[White "Davila, Carlos"]
[Black "Stearman, Josiah P"]
[Result "0-1"]
[WhiteElo "2079"]
[BlackElo "2427"]
[Annotator "de Firmian,Nick"]
[PlyCount "58"]
[EventDate "2019.08.06"]
[EventRounds "9"]
[EventCountry "USA"]

{[%evp 0,58,32,16,53,53,53,29,29,32,33,38,32,62,50,-19,-1,-16,-32,-32,-27,-4,
-9,-7,-8,7,68,47,21,4,-2,17,18,25,39,39,39,24,37,30,24,7,21,7,19,-41,-138,-134,
-112,-357,-330,-264,-264,-268,-268,-268,-259,-329,-336,-336,-370]} 1. e4 c5 2.
Nf3 Nc6 3. d4 cxd4 4. Nxd4 Nf6 5. Nc3 e5 6. Ndb5 d6 7. Bg5 a6 8. Bxf6 gxf6 9.
Na3 b5 10. Nd5 f5 11. Bd3 Be6 12. O-O Bxd5 13. exd5 Ne7 14. c3 Bg7 15. Nc2 O-O
16. a4 Qb6 17. axb5 e4 18. Be2 axb5 19. Nb4 $6 {A simple development of the
queen to d2 would leave White with a small edge due to possibilities on both
sides of the board.} (19. Qd2 $14) 19... Be5 20. Qb3 f4 21. Ra2 $6 Kh8 22. Rfa1
$6 Rxa2 23. Qxa2 f3 $1 {Diagram [#] Now White is in trouble. Josiah has
pressed the kingside attack while Carlos was using too much time on the
queenside.} 24. Qa7 $2 (24. gxf3 {is best but still bad:} Rg8+ 25. Kf1 Bxh2)
24... Qxa7 25. Rxa7 fxe2 26. Ra1 Rc8 27. Re1 Rc5 28. Rxe2 Nxd5 29. Rxe4 f5 0-1

[Event "MI Brandwein TNM: 2000+"]
[Site "San Francisco"]
[Date "2019.08.27"]
[Round "4.2"]
[White "Krishnakumar, Sriram"]
[Black "Griffith, Kyron"]
[Result "1-0"]
[WhiteElo "2056"]
[BlackElo "2452"]
[Annotator "de Firmian,Nick"]
[PlyCount "137"]
[EventDate "2019.08.06"]
[EventRounds "9"]
[EventCountry "USA"]

{[%evp 0,137,32,20,53,57,72,60,65,70,68,48,48,46,46,42,42,3,3,10,10,9,16,16,12,
6,17,2,21,21,30,24,88,50,82,36,39,48,89,84,84,91,91,107,128,121,154,154,185,
135,178,162,177,166,171,120,142,82,227,254,484,509,733,558,558,452,724,719,754,
632,719,316,390,388,437,415,438,491,499,547,588,481,483,444,456,393,395,387,
430,430,537,537,537,537,620,637,657,667,681,690,29991,1936,29991,1379,28232,
707,1463,29957,839,1384,29957,680,1489,29884,1916,28039,29975,29974,29983,
29984,29991,29988,29991,29990,29991,29992,29993,29992,29993,29986,29993,29994,
29995,29996,29997,29996,29997,29998,29999,-30000]} 1. e4 c5 2. Nf3 d6 3. d4
cxd4 4. Qxd4 a6 5. Be2 Nc6 6. Qe3 g6 7. O-O Bg7 8. c3 Nf6 9. h3 O-O 10. Rd1 Qc7
11. b3 Nd7 12. Bb2 b5 13. Nd4 Nb6 14. Nd2 Na5 $6 {Odd to move the knight to
the rim. The opening has been reasonable for both sides and 14...d5 would be a
good central break giving full equality. Kyron drifts into a bad position.} 15.
Rac1 e5 16. Nc2 Bb7 17. Nb4 f5 18. c4 $1 {A well timed break on the queenside!}
bxc4 19. Nxc4 Naxc4 20. Bxc4+ Nxc4 21. Rxc4 Qd8 22. Nc6 $1 Bxc6 23. Rxc6 Qh4
24. Rcxd6 fxe4 25. Rd7 Rf5 26. Rb7 Raf8 27. Ba3 Bh6 28. Qe2 e3 $2 {A bold try,
but it doesn't work,} 29. Bxf8 Rxf2 {Diagram [#]} 30. Be7 $1 Qe4 31. Qc4+ Qxc4
32. bxc4 Rxa2 33. Bb4 Bg5 34. Rf1 Bf4 35. c5 Rc2 36. c6 Rxc6 37. g3 e2 38. Rf3
Rc4 39. Kf2 a5 40. gxf4 axb4 41. Kxe2 exf4 42. Rb3 g5 43. R7xb4 Rc2+ 44. Kf3 h5
45. Rb5 g4+ 46. hxg4 h4 47. Kxf4 Rf2+ 48. Kg5 h3 49. Rxh3 Rf7 50. Rb6 Ra7 51.
Rc3 Rd7 52. Rc8+ Kg7 53. Rg6+ Kf7 54. Rcg8 Rd5+ 55. Kh4 Rd1 56. R8g7+ Kf8 57.
Ra7 Rd5 58. Rb6 Rd8 59. Kh5 Kg8 60. g5 Kh8 61. g6 Rc8 62. Kh6 Kg8 63. Rba6 Kf8
64. Ra8 Re8 65. g7+ Kf7 66. Rxe8 Kxe8 67. g8=Q+ Ke7 68. Qg7+ Ke8 69. Ra8# 1-0

[Event "MI Brandwein TNM: 2000+"]
[Site "San Francisco"]
[Date "2019.08.27"]
[Round "4.3"]
[White "Li, Eric Yuhan"]
[Black "Tsodikova, Natalya"]
[Result "1-0"]
[WhiteElo "2282"]
[BlackElo "2196"]
[Annotator "de Firmian,Nick"]
[PlyCount "57"]
[EventDate "2019.08.06"]
[EventRounds "9"]
[EventCountry "USA"]

{[%evp 0,57,32,32,32,-21,37,37,32,37,38,3,17,3,16,22,38,2,33,1,33,11,60,60,66,
66,65,66,85,100,100,100,98,84,84,84,84,76,116,116,116,116,123,93,118,97,159,
159,335,298,461,387,488,454,454,343,413,413,721,729]} 1. d4 Nf6 2. c4 g6 3. Nc3
Bg7 4. e4 d6 5. f3 O-O 6. Be3 Nc6 7. Nge2 a6 8. Qd2 Rb8 9. h4 h5 10. Nc1 e5 11.
d5 Nd4 12. Nb3 c5 13. dxc6 bxc6 14. Nxd4 exd4 15. Bxd4 Re8 16. Rd1 $1 (16. Be2)
16... d5 17. cxd5 cxd5 (17... Rb4) 18. e5 Nd7 19. f4 f6 $2 {Diagram [#]} (19...
Bh6 20. Qf2 Qa5 21. Bd3 Nf6 22. O-O Ng4 23. Qf3 Qd8 24. g3 Rxb2 25. Nxd5 Nh2
26. Qh1 Nxf1 27. Bxb2 Nxg3 28. Qg2 Bb7 29. Nf6+ Qxf6 30. exf6 Bxg2 31. Kxg2 Nf5
32. Bxf5 Re2+ 33. Kf3 Rxb2 {1/2-1/2 (56) L'Ami,A (2415)-Farley,T (2213)
Bridgetown 2014}) 20. Ba7 $1 Rb7 21. Qxd5+ Kh7 22. Be3 fxe5 23. f5 $1 gxf5 24.
Qf3 Kg6 25. Be2 Rh8 26. Rd6+ Bf6 27. Bg5 Qc7 28. Bxf6 Nxf6 29. Rxf6+ 1-0

[Event "MI Brandwein TNM: 2000+"]
[Site "San Francisco"]
[Date "2019.08.27"]
[Round "4.4"]
[White "Ivanov, Aleksandr"]
[Black "Baradaran, Arman"]
[Result "0-1"]
[WhiteElo "2192"]
[BlackElo "2224"]
[Annotator "de Firmian,Nick"]
[PlyCount "57"]
[EventDate "2019.08.06"]
[EventRounds "9"]
[EventCountry "USA"]

{[%evp 0,57,32,32,32,-21,23,18,41,10,20,20,20,39,39,41,86,86,69,30,36,35,35,33,
71,71,66,54,33,33,39,39,54,26,81,94,52,16,16,17,-32,-82,82,82,126,78,78,92,70,
40,46,-213,-121,-121,-262,-155,-157,-653,-383,-459]} 1. d4 d5 2. c4 c6 3. cxd5
cxd5 4. Bf4 Nc6 5. e3 Nf6 6. Nc3 Bg4 7. Qb3 Na5 8. Qa4+ Bd7 9. Qc2 e6 10. Bd3
Rc8 11. Nf3 b5 12. a3 a6 13. h3 Be7 14. O-O O-O 15. Ne5 Nc4 16. g4 Ne4 17. Nxc4
Nxc3 18. bxc3 bxc4 19. Bxh7+ Kh8 20. h4 f5 {[#]} 21. gxf5 Kxh7 22. f6+ Kg8 23.
fxe7 Qxe7 {[#]} 24. Kg2 $2 {White was doing well, but this lets Black's bishop
activate.} (24. Be5 {keeps it penned in.}) 24... e5 $1 25. Bxe5 Bf5 $1 {
and Black is just winning.} 26. Qd1 Qxh4 27. Kg1 Rc6 28. Bg3 Rg6 29. Qf3 0-1

[Event "MI Brandwein TNM: 2000+"]
[Site "San Francisco"]
[Date "2019.08.27"]
[Round "4.5"]
[White "Boldi, Ethan"]
[Black "Shaw, Tenzing"]
[Result "0-1"]
[WhiteElo "2001"]
[BlackElo "2276"]
[PlyCount "124"]
[EventDate "2019.08.06"]
[EventRounds "9"]
[EventCountry "USA"]

1. Nf3 d5 2. d4 c5 3. Bf4 Nc6 4. e3 Nf6 5. c3 e6 6. Nbd2 Bd6 7. Bg3 O-O 8. Bd3
b6 9. Ne5 Bb7 10. O-O Ne7 11. f4 Nf5 12. Qf3 Be7 13. Rae1 Nd6 14. Qe2 Nfe4 15.
Nxe4 Nxe4 16. Bxe4 dxe4 17. f5 exf5 18. Rxf5 g6 19. Rf2 f6 20. Ng4 h5 21. Nh6+
Kg7 22. Bf4 Rh8 23. g4 Rxh6 24. Bxh6+ Kxh6 25. gxh5 gxh5 26. Kh1 Qd5 27. Rg2
Rg8 28. Reg1 Rg5 29. h4 Rxg2 30. Qxg2 Qf7 31. Qg3 f5 32. Qe5 Kh7 33. Rf1 Bc8
34. d5 Bf6 35. Qb8 Qd7 36. c4 Bxb2 37. Qf4 Bf6 38. Rg1 Qf7 39. Rd1 Bd7 40. Rg1
Qe7 41. Qg3 Qe8 42. Qf4 Qe5 43. Qf2 f4 44. exf4 Qf5 45. Qg3 Qg4 46. Qxg4 Bxg4
47. Rg3 Kg6 48. Kg2 Kf5 49. Ra3 a5 50. Kg3 Bd8 51. Rb3 Bc7 52. d6 Bxd6 53. Rxb6
Bxf4+ 54. Kg2 e3 55. a4 e2 56. Kf2 Bg3+ 57. Kg2 e1=Q 58. Rf6+ Ke5 59. Rf1 Qe2+
60. Kxg3 Qxf1 61. Kh2 Qf2+ 62. Kh1 Bf3# 0-1

[Event "MI Brandwein TNM: 2000+"]
[Site "San Francisco"]
[Date "2019.08.27"]
[Round "4.6"]
[White "Winslow, Elliott"]
[Black "Walder, Michael"]
[Result "1-0"]
[WhiteElo "2222"]
[BlackElo "2011"]
[Annotator "Winslow,Elliott"]
[PlyCount "53"]
[EventDate "2019.08.06"]
[EventRounds "9"]
[EventCountry "USA"]

{[%evp 0,53,32,32,10,24,28,13,21,1,10,18,3,-7,20,-11,-6,-49,-30,-83,-8,-29,-63,
-67,-51,-68,109,99,96,120,134,134,99,137,252,252,496,442,463,465,465,414,353,
268,242,235,229,229,490,384,426,430,447,439,430,432]} 1. d4 Nf6 2. Nf3 e6 3. g3
{Just to do something different.} c5 4. Bg2 cxd4 5. Nxd4 d5 6. O-O e5 7. Nf3
Nc6 8. c4 d4 9. e3 {This line has never been particularly good for White.} Bc5
{[#]} ({or} 9... Be7) 10. b4 $2 (10. exd4 exd4 11. Nbd2 $5 {is the standard
ploy for White.}) 10... Nxb4 11. Nxe5 O-O 12. a3 {[#]} dxe3 $5 {Exciting! But
it overlooks an odd defense.} (12... Na6 $1 {was a couple games, which Black
won.}) 13. axb4 exf2+ 14. Kh1 Bd4 15. Ra5 $1 {Now Black struggles to show
enough for one piece -- so he gives up another one...} Re8 (15... Be6 $5) 16.
Nf3 Bg4 (16... Bb6 $5) 17. Qxd4 Qxd4 18. Nxd4 Re1 19. Nd2 Rd8 20. Bb2 Be2 21.
Ra1 Bxf1 22. Bxf1 Ng4 23. N4f3 (23. Kg2 Ne3+ 24. Kxf2 Rxa1 25. Kxe3 $1 {
I wasn't sure about this highly unusual material imbalance, but the computer
is (+-)} (25. Bxa1 Nc2 $18)) 23... Rxd2 24. Nxd2 Ne3 25. Rxa7 h5 26. Bd4 Nxf1
27. Bxf2 1-0

[Event "MI Brandwein TNM: 2000+"]
[Site "San Francisco"]
[Date "2019.08.27"]
[Round "4.7"]
[White "Kuczek, Kevin"]
[Black "Wong, Russell"]
[Result "0-1"]
[WhiteElo "1987"]
[BlackElo "2200"]
[Annotator "de Firmian,Nick"]
[PlyCount "84"]
[EventDate "2019.08.06"]
[EventRounds "9"]
[EventCountry "USA"]

{[%evp 0,84,32,-1,53,44,72,47,33,44,44,18,21,35,20,25,10,4,5,-15,-6,-29,-38,
-51,-37,-26,10,-27,-22,-47,-47,-82,-55,-89,-72,-76,-31,-152,-137,-261,-261,
-261,-261,-398,-241,-252,-252,-268,-214,-192,-196,-195,-222,-205,-205,-214,
-205,-264,-191,-186,-192,-245,-256,-256,-251,-272,-272,-269,-269,-269,-246,
-268,-202,-202,-190,-190,-210,-210,-103,-72,-112,-138,-171,-330,-334,-385,-404]
} 1. e4 c5 2. Nc3 d6 3. f4 Nc6 4. Bb5 Bd7 5. Bc4 g6 6. Nf3 Bg7 7. O-O e6 8. a4
Nge7 9. d3 O-O 10. Qe1 Nd4 11. Nxd4 cxd4 12. Ne2 Bc6 13. Ng3 d5 14. Bb3 dxe4
15. dxe4 d3 16. Kh1 dxc2 17. Bxc2 Rc8 {[#]} 18. f5 $2 exf5 19. exf5 Bxg2+ $1
20. Kxg2 Rxc2+ 21. Kg1 Qd5 22. Rf2 Rxf2 23. Qxf2 Bd4 24. Be3 Bxe3 25. Qxe3 Nxf5
26. Nxf5 Qxf5 27. Qxa7 Qg4+ 28. Kh1 Qf3+ 29. Kg1 Rd8 30. Rf1 Qg4+ 31. Kh1 Qe4+
32. Kg1 Rd2 33. Qb8+ Kg7 34. Qg3 Qd4+ 35. Kh1 Rd1 36. Rxd1 Qxd1+ 37. Kg2 Qc2+
38. Qf2 Qxf2+ 39. Kxf2 Kf6 40. b4 Ke5 41. a5 Kd5 42. b5 Kc5 0-1

[Event "MI Brandwein TNM: 2000+"]
[Site "San Francisco"]
[Date "2019.08.27"]
[Round "4.8"]
[White "Askin, David Benja"]
[Black "Melville, Cailen"]
[Result "1-0"]
[WhiteElo "2053"]
[BlackElo "1905"]
[Annotator "de Firmian,Nick"]
[PlyCount "107"]
[EventDate "2019.08.06"]
[EventRounds "9"]
[EventCountry "USA"]

{[%evp 0,107,32,24,28,-11,29,6,21,6,7,7,68,70,75,59,75,44,73,41,32,15,18,17,28,
26,26,29,70,28,36,21,58,-25,89,-19,28,24,36,-75,-38,-116,-148,-143,-12,-144,
-142,-145,-87,-103,-111,-170,-170,-112,-24,-116,54,50,91,67,85,61,110,69,114,
70,168,87,87,115,228,96,115,49,131,120,101,58,101,97,151,110,209,164,278,342,
275,212,244,244,230,273,395,430,430,317,1654,431,656,272,981,1042,1058,1058,
1042,1105,1096,995,1029,986]} 1. d4 e6 2. c4 b6 3. Nf3 Bb7 4. g3 Nf6 5. Bg2 g6
6. Nc3 Bg7 7. d5 O-O 8. O-O exd5 9. cxd5 d6 10. Bg5 h6 11. Bf4 Nh5 12. Be3 Nd7
13. Rc1 Ne5 14. Bd4 Re8 15. Re1 Re7 16. Nd2 Ba6 17. b3 Qf8 18. a4 Rae8 19. Nb5
$2 Bxb5 20. axb5 {[#]} Nd3 $1 21. Bxg7 Nxg7 $6 22. e4 $2 (22. Ne4 $1) 22...
Nxe1 23. Qxe1 Nf5 $6 24. Qf1 Nd4 $2 25. Qd3 Qg7 26. Rd1 f5 27. Nf1 Nxb3 28.
Qxb3 fxe4 29. Bh3 Rf8 30. Be6+ Kh7 31. Re1 Rf3 32. Qc2 Re8 33. Rxe4 Ref8 34.
Re2 Qd4 35. Kg2 Rc3 36. Qa2 Qd1 37. Bg4 Qd4 38. Be6 Qc5 39. Qb2 Rc4 40. Ne3 Rb4
41. Qa1 Qxb5 42. Rc2 c5 43. Qxa7+ Kh8 44. Qe7 Qe8 45. Qxd6 Rf6 46. Qe5 Qe7 47.
Ra2 Kh7 48. Ra8 Rf8 49. Ra2 b5 50. Bg8+ Kxg8 51. Qxe7 Ra4 52. Qe6+ Kg7 53. Rxa4
bxa4 54. d6 1-0

[Event "MI Brandwein TNM: 2000+"]
[Site "San Francisco"]
[Date "2019.08.27"]
[Round "4.11"]
[White "Chen, Mingson"]
[Black "Jia, Derek"]
[Result "0-1"]
[WhiteElo "1909"]
[BlackElo "2040"]
[PlyCount "74"]
[EventDate "2019.08.06"]
[EventRounds "9"]
[EventCountry "USA"]

{[%evp 0,74,32,-1,57,57,72,44,44,55,75,61,46,19,20,16,3,17,16,26,17,36,34,32,
34,23,23,23,15,12,12,29,35,14,21,3,33,14,31,6,6,-19,-48,-34,-25,-90,-59,-68,
-40,-62,-26,-67,-53,-66,-52,-67,-79,-108,-127,-137,-153,-176,-154,-183,-166,
-195,-159,-229,-91,-93,-93,-101,-100,-113,-113,-107,-111]} 1. e4 c5 2. Nf3 d6
3. Bb5+ Bd7 4. Bxd7+ Qxd7 5. O-O Nc6 6. c3 Nf6 7. Re1 e6 8. d4 cxd4 9. cxd4 d5
10. e5 Ne4 11. a3 Be7 12. Nbd2 Nxd2 13. Bxd2 O-O 14. b4 a6 15. Rc1 h6 16. Qb3
f6 17. exf6 Bxf6 18. Qd3 Qf7 19. Re2 g5 20. Ne5 Bxe5 21. dxe5 Rac8 22. Qg3 Nd4
23. Ree1 Rxc1 24. Bxc1 Rc8 25. Qd3 Rc4 26. Bd2 Nc6 27. f3 Qh7 28. Qxh7+ Kxh7
29. f4 gxf4 30. Rf1 Nxe5 31. Bxf4 Nd3 32. Bd6 Kg6 33. g3 Rc1 34. Rxc1 Nxc1 35.
Kf2 Nd3+ 36. Ke3 Nb2 37. Kd4 Nc4 {Score becomes unclear: 0-1, 77.} 0-1

[Event "MI Brandwein TNM: 2000+"]
[Site "San Francisco"]
[Date "2019.08.27"]
[Round "4.12"]
[White "Ostrovsky, Sergey"]
[Black "Busch, Jonah M"]
[Result "1-0"]
[WhiteElo "2032"]
[BlackElo "1871"]
[Annotator "de Firmian,Nick"]
[PlyCount "91"]
[EventDate "2019.08.06"]
[EventRounds "9"]
[EventCountry "USA"]

{[%evp 0,91,32,24,24,-11,17,36,48,50,64,86,88,82,142,87,99,45,79,74,72,77,64,
-3,15,-56,-29,-27,26,4,4,4,4,-30,28,-12,5,-90,-51,-65,26,6,125,131,131,125,125,
113,113,43,115,5,8,4,115,80,148,23,80,57,151,-38,65,21,162,129,207,343,360,317,
405,405,444,524,460,572,566,568,715,360,705,360,377,415,440,455,462,257,257,
366,687,730,762,769]} 1. d4 Nf6 2. c4 c5 3. d5 e6 4. Nc3 exd5 5. cxd5 d6 6. e4
g6 7. f4 Bg7 8. Bb5+ Nfd7 9. Nf3 (9. a4) 9... a6 10. Bd3 b5 11. a4 c4 12. Bc2
b4 13. Ne2 a5 14. Ned4 O-O 15. O-O Nc5 16. Re1 Bd7 17. Qe2 b3 18. Bd1 Nd3 {
[#] Black is doing great at this point, a classic Benoni.} 19. Rf1 Qb6 $2 (
19... Re8) 20. Be3 Nxf4 $2 (20... Qb4) 21. Qxc4 Rc8 22. Qxb3 Qxb3 23. Bxb3 Nd3
24. Rab1 Nc5 25. Rfc1 Nba6 26. Nd2 Nxa4 27. Bxa4 Bxa4 28. b3 Bd7 29. Nc4 Be5
30. Nxa5 Nc5 $2 (30... Rxc1+ 31. Rxc1 Nc5 {keeps Black in the game.}) 31. Nac6
Bxc6 32. Nxc6 Rxc6 33. dxc6 Nxe4 34. b4 Nc3 35. Rxc3 Bxc3 36. b5 Be5 37. b6 d5
38. b7 Re8 39. Ba7 Kg7 40. b8=Q Bxb8 41. Rxb8 Re1+ 42. Kf2 Rc1 43. Rc8 Kf6 44.
c7 Ke7 45. Bb6 d4 46. Rd8 1-0

[Event "MI Brandwein TNM: 2000+"]
[Site "San Francisco"]
[Date "2019.08.27"]
[Round "4.13"]
[White "Goldammer, Christi"]
[Black "Argo, Guy"]
[Result "1-0"]
[WhiteElo "2030"]
[BlackElo "1859"]
[PlyCount "51"]
[EventDate "2019.08.06"]
[EventRounds "9"]
[EventCountry "USA"]

{[%evp 0,51,32,24,61,55,7,7,19,-15,-4,-4,-4,0,3,-16,33,21,53,-2,106,92,56,53,
147,145,145,95,121,110,166,166,166,118,125,36,56,30,65,208,206,168,168,169,201,
202,200,200,1057,1202,1202,1202,1202,1219]} 1. d4 f5 2. e4 fxe4 3. Nc3 Nf6 4.
Bg5 c6 5. f3 d5 6. fxe4 dxe4 7. Bc4 Bg4 8. Nge2 Nbd7 9. O-O e5 10. Nxe4 Be7 11.
Qd3 Bxe2 12. Qxe2 Qb6 13. Kh1 O-O-O 14. dxe5 Nxe4 15. Bxe7 Rde8 16. Qxe4 Rxe7
17. Qg4 Qxb2 18. Rad1 Qxe5 19. Rxd7 Rxd7 20. Be6 Rhd8 21. Rd1 Kc7 22. Bxd7 h5
23. Qh3 Qe2 24. Qg3+ Kb6 25. Rb1+ Kc5 26. Qg5+ 1-0

[Event "MI Brandwein TNM: 2000+"]
[Site "San Francisco"]
[Date "2019.08.27"]
[Round "4.14"]
[White "Jensen, Christian"]
[Black "Lehman, Clarence"]
[Result "1-0"]
[WhiteElo "1881"]
[BlackElo "1900"]
[Annotator "de Firmian,Nick"]
[PlyCount "101"]
[EventDate "2019.08.06"]
[EventRounds "9"]
[EventCountry "USA"]

{[%evp 0,101,32,24,24,-11,37,38,38,19,28,3,18,18,20,25,25,10,27,-22,10,8,53,44,
42,37,66,73,88,90,77,74,118,50,80,61,142,142,113,113,118,114,116,111,177,140,
140,142,142,142,207,203,253,250,274,274,267,267,256,256,246,249,249,246,244,
244,251,251,260,258,276,240,260,231,254,248,290,265,256,362,429,329,429,263,
329,260,260,263,376,337,369,349,401,343,343,343,343,294,343,343,343,272,315,
250]} 1. d4 Nf6 2. c4 g6 3. Nf3 Bg7 4. g3 O-O 5. Bg2 d6 6. O-O Nbd7 (6... c5 7.
Nc3 Nc6 8. d5 Na5 9. Nd2 a6 10. Qc2 Rb8 11. b3 b5) 7. Nc3 c5 8. d5 Nb6 9. Nd2
Ng4 10. Qc2 Ne5 11. b3 f5 12. e3 Rf7 13. Bb2 Nbd7 14. Rad1 a6 15. h3 Nf6 16. a4
Rb8 {One of the scoresheets reads "15.h3 Rb8 16.a4 Nf6". Note that 16.f4 won a
piece...} 17. Rfe1 Ne8 18. f4 Nd7 19. Nf3 h6 20. Nh4 Nf8 21. e4 g5 22. Nxf5
Bxf5 23. exf5 gxf4 24. gxf4 (24. g4 $5) 24... Nc7 25. Bf3 Bf6 26. Kh2 b5 27.
Rg1+ Kh8 28. Bh5 Rh7 29. Ne4 Nd7 30. axb5 axb5 31. Rg6 bxc4 32. Nxf6 Nxf6 33.
bxc4 Nce8 34. Rdg1 Ng7 35. Be2 Qf8 36. Bd3 Qf7 37. Bc3 Rf8 38. Qf2 h5 39. Qh4
Kg8 40. Qg5 Kh8 41. Rh6 Kg8 42. Rxh7 Kxh7 43. Ra1 Nge8 44. Qg6+ Qxg6 45. fxg6+
Kh6 46. Ra7 Ng8 47. f5 Nef6 48. Kg3 Re8 49. Bd2+ Kg7 50. Bf4 Rd8 51. Bd2 1-0

[Event "MI Brandwein TNM: 1600-1999"]
[Site "San Francisco"]
[Date "2019.08.27"]
[Round "4.9"]
[White "Mohammed, Mansoor"]
[Black "Porlares, Teodoro"]
[Result "1-0"]
[WhiteElo "1885"]
[BlackElo "1766"]
[PlyCount "123"]
[EventDate "2019.08.06"]
[EventType "swiss"]
[EventRounds "9"]
[EventCountry "USA"]

1. Nf3 Nf6 2. g3 g6 3. Bg2 Bg7 4. O-O O-O 5. c4 d5 6. d4 c6 7. Bf4 Nh5 8. Be3
Na6 9. Qc1 dxc4 10. a4 Nb4 11. Qxc4 a5 12. Bd2 Be6 13. Qc1 Nd5 14. e4 Nc7 15.
Bh6 Nf6 16. Nc3 Ng4 17. Bf4 Na6 18. Rd1 Nb4 19. h3 Nf6 20. Ng5 Bb3 21. Rd2 h6
22. Nf3 g5 23. Be5 Nd7 24. Bxg7 Kxg7 25. Ra3 Be6 26. d5 cxd5 27. exd5 Bf5 28.
Nd4 Bg6 29. Qf1 Nc5 30. f4 gxf4 31. Qxf4 Ncd3 32. Nf5+ Bxf5 33. Qxf5 Qb6+ 34.
Kh2 Qg6 35. Qd7 Qd6 36. Qg4+ Kh8 37. Qd4+ e5 38. Qe3 f5 39. Rxd3 Nxd3 40. Qxd3
f4 41. gxf4 Rxf4 42. Ne4 Qg6 43. Qg3 Qxg3+ 44. Nxg3 Rf2 45. Rd3 Rxb2 46. d6 Rd8
47. Nf5 Rg8 48. Rg3 Rxg3 49. Kxg3 Rb3+ 50. Kf2 Rd3 51. Bxb7 Kg8 52. Be4 Rd1 53.
Ke2 Rd4 54. Nxd4 exd4 55. Bc6 Kf7 56. d7 Ke7 57. Kd3 Kd8 58. Kxd4 Kc7 59. Bb5
Kd8 60. Ke5 Ke7 61. Kf5 Kd8 62. Kg6 1-0

[Event "MI Brandwein TNM: 1600-1999"]
[Site "San Francisco"]
[Date "2019.08.27"]
[Round "4.16"]
[White "Heidari, Ako"]
[Black "Robeal, Rafik"]
[Result "0-1"]
[WhiteElo "1856"]
[BlackElo "1800"]
[PlyCount "74"]
[EventDate "2019.08.06"]
[EventType "swiss"]
[EventRounds "9"]
[EventCountry "USA"]

1. c4 b6 2. Nc3 Bb7 3. e4 e6 4. Nf3 f5 5. Bd3 f4 6. Bc2 h6 7. d4 Qf6 8. e5 Qf7
9. h4 Bb4 10. h5 Ne7 11. Rh4 Nbc6 12. Bxf4 Nf5 13. Qd2 O-O-O 14. Rh3 Rdf8 15.
Be3 Nce7 16. a3 Bxc3 17. Qxc3 Rhg8 18. O-O-O g5 19. Ne1 Nh4 20. Rh2 Nef5 21.
Rd2 Ng7 22. g4 Qe8 23. d5 Kb8 24. Be4 Rf7 25. c5 exd5 26. Rxd5 Bxd5 27. Bxd5
Ne6 28. Qb3 Qc8 29. f3 Rgf8 30. Rc2 Qa6 31. Kb1 Nxf3 32. Nxf3 Rxf3 33. cxb6
Rf1+ 34. Ka2 axb6 35. Rc4 R1f4 36. Bxe6 dxe6 37. Bxf4 gxf4 0-1

[Event "MI Brandwein TNM: 1600-1999"]
[Site "San Francisco"]
[Date "2019.08.27"]
[Round "4.17"]
[White "Drane, Robert"]
[Black "Maser, Thomas F"]
[Result "1-0"]
[WhiteElo "1800"]
[BlackElo "1902"]
[Annotator "de Firmian,Nick"]
[PlyCount "87"]
[EventDate "2019.08.06"]
[EventType "swiss"]
[EventRounds "9"]
[EventCountry "USA"]

{[%evp 0,87,32,-1,12,-1,-1,3,9,-11,-2,-36,17,8,12,-31,-14,-14,17,26,13,-1,8,2,
7,-9,2,-35,-11,-45,0,-6,-22,-69,-101,-81,-95,-86,-103,-127,-39,-64,-57,-51,113,
70,136,134,162,151,167,150,151,151,151,67,65,55,53,53,126,27,37,23,208,65,234,
183,224,184,158,158,158,120,179,-81,267,173,387,82,845,331,331,269,227,307,
29206,29994,29995,29994]} 1. e4 e5 2. Bc4 Nf6 3. d3 Nc6 4. Nc3 Na5 5. Nge2 c6
6. Bg5 Be7 7. a3 Nxc4 8. dxc4 a5 9. Qd3 h6 10. Bh4 Qc7 11. h3 d6 12. Rd1 Be6
13. O-O g5 14. Bg3 Nh5 15. Qf3 Nf4 16. Bh2 Bxc4 17. Rfe1 Be6 18. Ng3 Qc8 19.
Nge2 g4 20. hxg4 Bxg4 21. Qe3 Nxg2 $2 {Up a pawn with a great game, Black goes
overboard.} 22. Kxg2 Rg8 23. Kh1 Qe6 24. Rg1 O-O-O 25. f3 Bg5 26. Qf2 Bh4 27.
Bg3 $2 {[#]} (27. Ng3 $16) 27... Bxf3+ $1 28. Kh2 Bxg3+ 29. Rxg3 Bh5 $2 (29...
Rxg3 30. Qxg3 Bg4) 30. Rxg8 Rxg8 31. Rg1 Bg6 32. Ng3 d5 $2 33. exd5 cxd5 34.
Qc5+ Qc6 35. Qxa5 Rd8 36. Rg2 d4 37. Na4 Rd6 38. b4 Bxc2 39. Nc5 d3 40. Nge4
Rg6 41. Rxg6 fxg6 42. b5 d2 43. bxc6 d1=Q 44. Qa8+ 1-0